Guess the Taylor Swift song by the first line #3 - Statistics

General Stats
  • This quiz has been taken 1,326 times
  • The average score is 11 of 15
Answer Stats
First line Song % Correct
" This ain't for the best, my reputation's never been worse, so, you must like me for me " Delicate
94%
" I'm doing good, I'm on some new shit, been saying "yes" instead of "no" " the 1
84%
" The moon is high, like your friends were the night that we first met " Paper rings
83%
" I can see you standing, honey, with his arms around your body " exile
81%
" Looking at it now, it all seems so simple " Out Of The Woods
78%
" He is sensible and so incredible, and all my single friends are jealous " The Way I Loved You
78%
" When the morning came we were cleaning incense off your vinyl shelf, 'cause we lost track of time again " Maroon
75%
" Please picture me, in the trees " seven
73%
" Good girl, sad boy, big city, wrong choices " Question...?
67%
" The way you move is like a full on rainstorm, and I'm a house of cards " Sparks Fly
65%
" Gleaming, twinkling, eyes like sinking ships, on waters so inviting, I almost jump in " gold rush
58%
" Stand there like a ghost, shaking come the rain, rain " How You Get the Girl
58%
" Long were the nights when my days once revolved around you " Dear John
57%
" I'm walking fast through the traffic lights, busy streets and busy lives " State of Grace
50%
" Put your lips close to mine, as long as they don't touch " Treacherous
48%
No matching quizzes found
Score Distribution
Percent of People with Each Score
Percentile by Number Answered
Your Score History
You have not taken this quiz